Korea Południowa - prawda czy fałsz? - Statystyki

Ogólne statystyki
  • Ten quiz został rozwiązany 57 razy
  • Średni wynik to 11 z 15
Statystyki odpowiedzi
Zagadnienie Odpowiedź % Poprawnych
Walutą jest won Prawda
100%
Przywódcą państwa jest Kim Dzong Un Fałsz
98%
Korea Południowa ma granicę lądową tylko z jednym państwem. Prawda
98%
Hyundai i Samsung to południowokoreańskie firmy Prawda
94%
Podczas wojny koreańskiej Korea Południowa była wspierana przez siły m.in. Stanów Zjednoczonych Prawda
89%
Wyspa Czedżu jest częścią Korei Południowej Prawda
83%
Oficjalna nazwa państwa to Koreańska Republika Ludowo-Demokratyczna Fałsz
77%
Państwo ma jeden z najniższych wskaźników dzietności na świecie Prawda
74%
Największymi metropoliami Korei Południowej są m.in. Pusan, Inczon, Daegu Prawda
70%
Popularną religią jest czondoizm Fałsz
68%
Najwyższym budynkiem w państwie jest Hotel Ryugyŏng Fałsz
68%
Korea Południowa jest państwem jednolitym narodowościowo Prawda
68%
Przez stolicę przepływa rzeka Jalu Fałsz
60%
Korea Południowa ma dostęp do Morza Południowochińskiego Fałsz
36%
W latach 2002-2013 z przerwami, w stolicy odbywał się festiwal Arirang Fałsz
28%
Nie znaleziono quizów pasujących do podanych kryteriów
Rozkład punktacji
Procent ludzi z każdym wynikiem
Percentyl według liczby udzielonych odpowiedzi
Twoja historia wyników
Nie rozwiązałeś tego quizu